Estatísticas para Estações de Metrô/CPTM de São Paulo (com mapa!)

Clique aqui para jogar o quiz

Estatísticas Gerais

  • Esse quiz foi jogado 14 630 vezes
    (13 185 desde o último reset)
  • A pontuação média é 69 de 174

Respostas no mapa

Respostas codificadas por cores de uma escala verde-vermelha no mapa do quiz de acordo com a % correta abaixo.
 

Estatísticas das Respostas

Answers% Correto
Corinthians-Itaquera
86%
Luz
85%
Palmeiras-Barra Funda
84%
84%
São Paulo-Morumbi
82%
Japão-Liberdade
78%
Paulista
78%
Brás
76%
Jabaquara
75%
Adolfo Pinheiro
72%
Tucuruvi
72%
Morumbi
70%
Jardim Helena-Vila Maria
69%
Paraíso
69%
República
69%
Consolação
68%
Osasco
68%
Portuguesa-Tietê
68%
Tatuapé
68%
Aeroporto-Guarulhos
67%
Ana Rosa
67%
Bresser-Mooca
67%
Trianon-MASP
67%
Higienópolis-Mackenzie
65%
Brigadeiro
64%
Vila Madalena
64%
Butantã
62%
Faria Lima
61%
Guarulhos-Cecap
61%
Vila Sônia
60%
Jundiaí
59%
Pinheiros
59%
Juventus-Mooca
58%
Santana
58%
Vila Prudente
58%
São Bento
57%
Capão Redondo
56%
Carrão
56%
Chácara Klabin
56%
Oscar Freire
55%
Santa Cruz
55%
Vila Mariana
55%
Anhangabaú
54%
Lapa
54%
Saúde
54%
Armênia
53%
Jardim São Paulo - Ayrton Senna
53%
Santo Amaro
53%
Vergueiro
53%
Santa Cecília
52%
Santos-Imigrantes
52%
Carandiru
51%
Fradique Coutinho
51%
Santo André
51%
São Joaquim
51%
Praça da Árvore
50%
Tiradentes
50%
Penha
48%
Clínicas
47%
Marechal Deodoro
47%
Ipiranga
46%
São Caetano do Sul
46%
Belém
45%
Moema
45%
USP Leste
45%
AACD-Servidor
44%
Sumaré
44%
Vila Matilde
44%
Artur Alvim
43%
Pedro II
43%
Tamanduateí
43%
Grajaú
42%
Mogi das Cruzes
42%
Sacomã
42%
Conceição
41%
Parada Inglesa
41%
Villa Lobos-Jaguaré
41%
Brooklin
40%
Campo Limpo
40%
Campo Limpo Paulista
40%
Cidade Universitária
40%
Primavera-Interlagos
40%
São Judas
39%
Vila Olímpia
39%
Estudantes
38%
Mauá
38%
Barueri
37%
Alto do Ipiranga
36%
Guilhermina-Esperança
36%
Hebraica-Rebouças
36%
Rio Grande da Serra
36%
Hospital São Paulo
35%
Patriarca-Vila Ré
35%
Berrini
34%
Itapevi
34%
Pirituba
34%
Suzano
34%
Borba Gato
33%
Guaianases
33%
Presidente Altino
32%
Água Branca
31%
Francisco Morato
31%
Júlio Prestes
31%
São Mateus
31%
Cidade Jardim
30%
Engenheiro Goulart
30%
Eucaliptos
30%
Itaim Paulista
30%
Poá
30%
Ceasa
29%
Imperatriz Leopoldina
29%
Antônio João
28%
Autódromo
28%
Campo Belo
28%
Carapicuíba
28%
Ferraz de Vasconcelos
27%
Perus
27%
Calmon Viana
26%
Franco da Rocha
26%
Granja Julieta
26%
Itaquaquecetuba
26%
Largo Treze
26%
São Miguel Paulista
26%
Giovanni Gronchi
25%
Caieiras
24%
Jaraguá
24%
Jurubatuba
24%
Oratório
24%
Ribeirão Pires
24%
Socorro
24%
Mendes - Vila Natal
23%
Vila das Belezas
23%
Prefeito Saladino
22%
Utinga
22%
Dom Bosco
21%
Jandira
21%
Piqueri
21%
Alto da Boa Vista
20%
Sapopemba
20%
Comendador Ermelino
19%
Domingos de Moraes
18%
João Dias
18%
São Lucas
18%
Várzea Paulista
18%
Vila Clarice
18%
Camilo Haddad
17%
Engenheiro Manoel Feio
17%
José Bonifácio
17%
Amador Bueno
16%
Braz Cubas
16%
Capuava
16%
Comandante Sampaio
15%
Jundiapeba
15%
Vila Aurora
15%
Jardim Romano
14%
Quitaúna
14%
Vila Tolstói
14%
Antônio Gianetti Neto
13%
Botujuru
13%
Santa Terezinha
13%
Baltazar Fidélis
12%
Fazenda da Juta
12%
Gen. Miguel Costa
12%
Guapituba
12%
Jardim Belval
12%
Jardim Colonial
12%
Santa Rita
12%
Vila União
12%
Aracaré
11%
Sagrado Coração
11%
Engenheiro Cardoso
10%
Jardim Planalto
10%
Jardim Silveira
10%

Distribuição das Pontuações

Percentil de Números Respondidos

Porcentagem de Pessoas com Cada Pontuação

Sua Pontuação Histórica

Você não jogou esse quiz desde o último reset